000 00731nam a2200229Ia 4500
003 GCL
008 140319s9999 xx 000 0 ara d
040 _aGCL /
_cGCL
082 0 4 _a956.905
_bم ح
100 1 _aمحمد عطوى
245 1 0 _aالحكم الذاتى الفلسطينى : كيان غزة - اريحا اولا /
_cمحمد عطوى
260 _a[S.N] :
_bدار العلوم العربية ،
_c1994
300 _a238 ص
490 _a
650 0 4 _aالنزاع العربى الاسرائيلى
650 0 4 _aفلسطين
650 0 4 _aاسرائيل
650 0 4 _aالقضية الفلسطينية
650 0 4 _aالسلام
650 0 4 _aالانتفاضة الفلسطينية
942 _2ddc
_cBK
999 _c30561
_d30561